Macroeconomía (Registro nro. 3726)
[ vista simple ]
| 000 -LEADER | |
|---|---|
| fixed length control field | 01881 a2200253 4500 |
| 001 - CONTROL NUMBER | |
| control field | 43841 |
| 005 - DATE AND TIME OF LATEST TRANSACTION | |
| control field | 20260407155719.0 |
| 008 - FIXED-LENGTH DATA ELEMENTS--GENERAL INFORMATION | |
| fixed length control field | 260407a2014 arg spa d |
| 003 - CONTROL NUMBER IDENTIFIER | |
| control field | AR-UNSa-BCEJYS |
| 040 ## - CATALOGING SOURCE | |
| Original cataloging agency | AR-UNSa-BCEJYS |
| Language of cataloging | spa |
| Transcribing agency | AR-UNSa-BCEJYS |
| 080 ## - UNIVERSAL DECIMAL CLASSIFICATION NUMBER | |
| Universal Decimal Classification number | 330.101.541 |
| Common auxiliary subdivision | Macroeconomía |
| 020 ## - INTERNATIONAL STANDARD BOOK NUMBER | |
| International Standard Book Number | 978-84-95348-94-4 |
| 041 ## - LANGUAGE CODE | |
| Language code of text/sound track or separate title | spa |
| 100 1# - MAIN ENTRY--PERSONAL NAME | |
| Personal name | Mankiw, N. Gregory |
| 245 10 - TITLE STATEMENT | |
| Title | Macroeconomía |
| 250 ## - EDITION STATEMENT | |
| Edition statement | 8a. ed. |
| 264 #1 - PRODUCTION, PUBLICATION, DISTRIBUTION, MANUFACTURE, AND COPYRIGHT NOTICE | |
| Place of production, publication, distribution, manufacture | Barcelona : |
| Name of producer, publisher, distributor, manufacturer | Antoni Bosch |
| Date of production, publication, distribution, manufacture, or copyright notice | 2014 |
| 300 ## - PHYSICAL DESCRIPTION | |
| Extent | 859 p. |
| Dimensions | 24 cm. |
| 505 ## - FORMATTED CONTENTS NOTE | |
| Formatted contents note | 1. La ciencia de la macroeconomía - 2. Los datos macroeconómicos - 3. La renta nacional: de dónde viene y adónde va - 4. El sistema monetario: qué es y cómo funciona - 5. La inflación: sus causas, sus efectos y sus costes sociales - 6. La economía abierta - 7. El paro - 8. El crecimiento económico I: la acumulación de capital y el crecimiento de la población - 9. El crecimiento económico II: la tecnología, el análisis empírico y la política económica - 10. Introducción a las fluctuaciones económicas - 11. La demanda agregada I: construcción del modelo IS-LM - 12. La demanda agregada II: aplicación del modelo IS-LM - 13. Reconsideración de la economía abierta: el modelo Mundell-Fleming y el sistema de tipos de cambio - 14. La oferta agregada y la disyuntiva a corto plazo entre la inflación y el paro - 15. Modelo dinámico de demanda y ofertas agregadas - 16. Comprender la conducta de los consumidores - 17. La teoría de la inversión - 18. Perspectiva alternativas sobre la política de estabilización - 19. La deuda pública y los déficit presupuestarios - 20. El sistema financiero: oportunidades y peligros - |
| 590 ## - LOCAL NOTE (RLIN) | |
| Local note | niveau_biblio:m niveau_hierar:0 |
| 700 1# - ADDED ENTRY--PERSONAL NAME | |
| Personal name | Rabasco, María Esther |
| 856 41 - ELECTRONIC LOCATION AND ACCESS | |
| Uniform Resource Identifier | <a href="https://biblioeco.unsa.edu.ar/pmb/images/libros/L126763.jpg">https://biblioeco.unsa.edu.ar/pmb/images/libros/L126763.jpg</a> |
| Link text | Imagen de portada |
| Electronic format type | image/jpeg |
| 942 ## - ADDED ENTRY ELEMENTS (KOHA) | |
| Koha item type | |
| Withdrawn status | Lost status | Damaged status | Not for loan | Home library | Current library | Shelving location | Date acquired | Total checkouts | Full call number | Barcode | Date last seen | Price effective from | Koha item type | Public note |
|---|---|---|---|---|---|---|---|---|---|---|---|---|---|---|
| Biblioteca Prof. Eusebio Cleto del Rey | Biblioteca Prof. Eusebio Cleto del Rey | 07/04/2026 | 330.101.541 M278 8ed. | L126763 | 07/04/2026 | 07/04/2026 | Libro | PARTIDO EN PÁG 146 | ||||||
| Biblioteca Prof. Eusebio Cleto del Rey | Biblioteca Prof. Eusebio Cleto del Rey | 07/04/2026 | 330.101.541 M278 8ed. | L126764 | 07/04/2026 | 07/04/2026 | Libro | LÁPIZ LEVE (PÁG 70 A 75, 66, 53) - PAG. 311 HÚMEDA | ||||||
| Biblioteca Prof. Eusebio Cleto del Rey | Biblioteca Prof. Eusebio Cleto del Rey | 07/04/2026 | 330.101.541 M278 8ed. | L126765 | 07/04/2026 | 07/04/2026 | Libro | CANTO MANCHADO CON VERDE - CANTO INFERIOR CON ROSA - 1° PÁGINAS UN POCO SUELTAS (HASTA PÁG 84) |